000 00504nam a2200169 a 4500
001 000047620
005 20201002060636.0
008 180705s2017 dr a 000 spa d
020 _a9789945168570
040 _aDO-SdBNP
_bspa
_cBNPHU
082 _axxx
_bM827
100 1 _aMora-Anda, Eduardo
_975252
245 0 _aHimnos, cantigas y romances :. :
_bpoemas japoneses /
_cEduardo Mora-Anda.
260 _aSanto Domingo :
_bUnicornio,
_c2017.
300 _a73 p. ;
_c22 cm.
590 _aInventariado, 2018/DG
999 _c47108
_d47108